00431nam a2200169Ia 4500003000400000008004100004040001600045082001300061100002000074245003500094260004000129300001000169490002500179650001500204650002000219650002200239GCL140319s9999 xx 000 0 eng d aGCL / cGCL04a843bG I1 aGIRAUDOUX, JEAN10aINTERMEZZO / cGIRAUDOUX, JEAN a[S.N] : bBERNARD GRASSET ، c1933 a192 P aLE LIVRE DE POCHEv004aLITERATURE04aFRENCH LANGUAGE04aFRENCH LITERATURE